Hymnes nationaux du monde - Statistiques

Statistiques générales
  • Ce quiz a été pris 52 fois
  • Le résultat moyen est 57 sur 196
Statistiques - réponses
Hymne Pays % Correct
A Portuguesa Portugal
100%
Advance Australia Fair Australie
91%
Himno Nacional de Chile Chili
69%
Djibouti Djibouti
69%
Debout Congolais République démocratique du Congo
69%
Cantique suisse Suisse
69%
Das Lied der Deutschen Allemagne
66%
Himno Nacional Argentino Argentine
66%
Hail Grenada Grenade
66%
All Hail, Liberia Hail Liberia
66%
Himno Nacional de El Salvador Salvador
66%
Angola Avante Angola
63%
Bolivianos, El Hado Propicio Bolivie
63%
Hino Nacional Brasileiro Brésil
63%
Himno Nacional de la República de Colombia Colombie
63%
God Bless Fiji Fidji
63%
La Marseillaise France
63%
Guatemala Feliz Guatemala
63%
Fratelli d'Italia Italie
63%
Himno Nacional Mexicano Mexique
63%
God Save the King / God Defend New Zealand Nouvelle-Zélande
63%
Ô Canada Canada
60%
God Bless Our Homeland Ghana Ghana
60%
God Save Our Salomon Islands Îles Salomon
60%
Indonesia Raya Indonésie
60%
God Save the King Royaume-Uni
60%
God zij met ons Suriname Suriname
60%
La Tchadienne Tchad
60%
Jamaica, Land We Love Jamaïque
57%
La Congolaise République du Congo
57%
Garassyz, Bitarap, Türkmenistanyn Döwlet Gimni Turkménistan
57%
Burundi bwacu Burundi
54%
For The Gambia Our Homeland Gambie
54%
Dear Land of Guyana, of Rivers and Plains Guyana
54%
Mali Mali
54%
Hymne monégasque Monaco
54%
Kalibusiswe Ilizwe leZimbabwe Zimbabwe
54%
Azərbaycan Respublikasının Dövlət Himni Azerbaïdjan
51%
Amar Shonar Bangla Bangladesh
51%
Forever Marshall Islands Îles Marshall
51%
Kunan Kiribati Kiribati
51%
Denes nad Makedonija Macédoine du Nord
51%
Süld duu Mongol Mongolie
51%
Namibia, Land of the Brave Namibie
51%
Nigeria, We Hail Thee Nigeria
51%
Paraguayos, República o muerte Paraguay
51%
Deșteaptă-te, române! Roumanie
51%
Rwanda Nziza Rwanda
51%
Saint Vincent Land So Beautiful Saint-Vincent-et-les-Grenadines
51%
Srī Lankā Mātā Sri Lanka
51%
Stand and Sing of Zambia, Proud and Free Zambie
51%
Fair Antigua, We Salute Thee Antigua-et-Barbuda
49%
My, Bielaroussy Biélorussie
49%
Patriots of Micronesia États fédérés de Micronésie
49%
Lībiyā, Lībiyā, Lībiyā Libye
49%
Oh Uganda, Land of Beauty Ouganda
49%
Sons and Daughters od Saint-Lucia Sainte-Lucie
49%
Dievs, Sveti Latviju Lettonie
46%
Gossoudarstvennyï gimn Rossiïskoï Federatsii Russie
46%
Majulah Singapura Singapour
46%
South Sudan Oyee! Soudan du Sud
46%
Ko e Fasi 'o e Tu'i 'o e 'otu Tonga Tonga
46%
L'Abidjanaise Côte d'Ivoire
43%
an-Našīd al-Waṭanī al-Kuwayt Koweït
43%
Šče ne vmerla Ukraïny i slava, i volia Ukraine
43%
Inno e Marcia Pontificale Vatican
43%
‘Āash al-malik Arabie Saoudite
40%
Baḥraynunā Bahreïn
40%
Kong Christian stod ved højen mast / Der er et yndigt land Danemark
40%
Mlungu dalitsani malawi Malawi
40%
L-Innu Malti Malte
40%
March On, Bahamaland Bahamas
37%
Yìyǒngjūn Jìnxíngqǔ Chine
37%
Wedefit Gesgeshi Woude Enat Ityopya Éthiopie
37%
Pheng Xat Lao Laos
37%
Lesōthō fatše la bo ntat'a rōna Lesotho
37%
O'zbekiston Respublikasining Davlat Madhiyasi Ouzbékistan
37%
Nkosi Sikelel'iAfrika Afrique du Sud
34%
La Brabançonne Belgique
34%
Meniñ Qazaqstanym Kazakhstan
34%
Kyrgyz Respublikasynyn Mamlekettik Gimni Kirghizistan
34%
Tuvalu mo te Atua Tuvalu
34%
Marcha Real Espagne
31%
The Star-Spangled Banner États-Unis
31%
Nauru Bwiema Nauru
31%
Tiến Quân Ca Viêt Nam
31%
Land der Berge, Land am Strome Autriche
26%
Nkulunkulu Mnikati watibusiso temaSwati Eswatini
26%
Oben am jungen Rhein Liechtenstein
26%
Wilhelmus van Nassouwe Pays-Bas
26%
Mazurek Dąbrowskiego Pologne
26%
Inno Narionale della Repubblica Saint-Marin
26%
El Gran Carlemany Andorre
23%
Hýmnos eis tin Eleutherían Chypre
23%
Aegukka Corée du Nord
23%
Aegukga Corée du Sud
23%
Hýmnos eis tin Eleutherían Grèce
23%
Isten, áldd meg a magyart Hongrie
23%
Hatikvah Israël
23%
Zdravljica Slovénie
23%
Allah Peliharakan Sultan Brunei
20%
Cântico da Liberdade Cap-Vert
20%
Amhrán na bhFiann Irlande
20%
Lofsöngur Islande
20%
Himno Istmeño Panama
20%
Qassaman Algérie
17%
Chant de Ralliement Cameroun
17%
Lijepa naša domovino Croatie
17%
Biladi, Biladi, Biladi Égypte
17%
Ertra, Ertra, Ertra Érythrée
17%
Kimi ga yo Japon
17%
An-Našīd Al-Waṭanī Maroc
17%
Ja, vi elsker dette landet Norvège
17%
Nashid as-Salam as-Sultani Oman
17%
Le Lion rouge Sénégal
17%
Bože Pravde Serbie
17%
Du gamla, du fria Suède
17%
İstiklâl Marşı Turquie
17%
Orientales, la Patria o la tumba Uruguay
17%
Hymni i Flamurit Albanie
14%
Noble patria, tu hermosa bandera Costa Rica
14%
Tautiška giesmė Lituanie
14%
Ons Heemecht Luxembourg
14%
Limba noastră Moldavie
14%
Phleng Chat Thaïlande
14%
Ḥumât al Ḥimâ Tunisie
14%
Gloria al bravo pueblo Venezuela
14%
Mer Hayrenik Arménie
11%
Intermeco Bosnie-Herzégovine
11%
Mila Rodino Bulgarie
11%
Mu isamaa, mu ōnn ja rōōm Estonie
11%
Maamme Finlande
11%
Tavisoupleba Géorgie
11%
Esta é a Nossa Pátria Bem Amada Guinée-Bissau
11%
La Dessalinienne Haïti
11%
Tu bandera es un lampo de cielo Honduras
11%
Europa Kosovo
11%
Ry Tanindrazanay malala ô Madagascar
11%
Oj, svijetla majska zoro Monténégro
11%
As Salam al Amiri Qatar
11%
Kde domov můj? République tchèque
11%
Koste Seselwa Seychelles
11%
Nad Tatrou sa blýska Slovaquie
11%
San Min Chu-i Taïwan
11%
Mungu ibariki Afrika Tanzanie
11%
Milli Tharana Afghanistan
9%
Druk tsendhen Bhoutan
9%
Ditanyè Burkina Faso
9%
Nokoreach Cambodge
9%
Ishy Bilady Émirats arabes unis
9%
Jana Gana Mana Inde
9%
Sorud-é Djoumhuri-yé Eslami Iran
9%
As-salam al-malaki al-ourdouni Jordanie
9%
Ee Mungu Nguvu Yetu Kenya
9%
Negaraku Malaisie
9%
Belau rekid Palaos
9%
Somos libres, seámoslo siempre Pérou
9%
Independência total Sao Tomé-et-Principe
9%
Ḥumāt ad-diyār Syrie
9%
Surudi milli Tadjikistan
9%
al-Jumhūrīyah al-Muttaḥidah Yémen
9%
In Plenty and In Time of Need Barbade
6%
L'aube nouvelle Bénin
6%
Gba Majay Bma Birmanie
6%
Fatshe leno la rona Botswana
6%
La Bayamesa Cuba
6%
Caminemos pisando las sendas de nuestra inmensa felicidad Guinée équatoriale
6%
Mawtini Irak
6%
Pátria Amada Mozambique
6%
Qaumi Tarana Pakistan
6%
O Arise All You Sons of This Land Papouasie-Nouvelle-Guinée
6%
Lupang Hinirang Philippines
6%
Quisqueyanos valientes République dominicaine
6%
Qolobaa Calankeed Somalie
6%
Terre de nos aïeux Togo
6%
Yumi, Yumi, Yumi Vanuatu
6%
Land of the Free Belize
3%
Isle of Beauty, Isle of Splendour Dominique
3%
Salve, Oh Patria Équateur
3%
La Concorde Gabon
3%
Salve a ti Nicaragua
3%
The Banner of Freedom Samoa
3%
Naḥnu Jundu Allâh Jundu al Waṭan Soudan
3%
Udzima wa yamasiwa Comores
0%
Liberté Guinée
0%
Koullouna Lilouataan Lil Oula Lil Alam Liban
0%
Gavmii mi ekuverikan matii tibegen kuriime salaam Maldives
0%
Mère Patrie Maurice
0%
Nachid al-watani Mauritanie
0%
Sayaun Thunga Phool Ka Népal
0%
Pour l'honneur de la patrie Niger
0%
La Renaissance République centrafricaine
0%
Oh Land of Beauty Saint-Christophe-et-Niévès
0%
High We Exalt Thee, Realm of the Free Sierra Leone
0%
Pátria Timor oriental
0%
Forged from the Love of Liberty Trinité-et-Tobago
0%
Aucun quiz correspondant
Distribution des résultats
% des personnes avec chaque résultat
Percentile par nombre de réponses
Votre historique - résultats
Vous n’avez pas pris ce quiz